[Event "18.Città di Padova Open A"]
[Site "Padova"]
[Date "2015.12.16"]
[Round "5.21"]
[White "Gallo, Enrico"]
[Black "Varvaglione, Antonio"]
[Result "0-1"]
[WhiteElo "2044"]
[BlackElo "2247"]
[Annotator "Gabriele Ballarin"]
[PlyCount "96"]
[EventDate "2015.12.13"]
[EventType "swiss"]
[EventRounds "9"]
[EventCountry "ITA"]

1. e4 d6 2. d4 Nf6 3. Nc3 e5 4. Nf3 Nbd7 5. g3 Be7 6. Bg2 O-O 7. O-O c6 8. Re1 b5 9. a3 Qc7 10. b3 Re8 11. Bb2 Bf8 12. Qd2 Bb7 13. Rad1 a5 14. Nh4 g6 15. h3 Rad8 16. Ne2 Bg7 17. g4 Nf8 18. Ng3 Ne6 19. g5 Nd7 20. Ne2 Ndf8 21. Kh1 exd4 22. Nxd4 Be5 23. Nhf3 Nxd4 24. Bxd4 Ne6 25. Bxe5 dxe5 26. Qc3 Nf4 27. Rxd8 Qxd8 28. h4 Qc7 29. Nh2 Bc8 30. Rd1 Qb6 31. Qe3 Qc7 32. Qc5 Ne6 33. Qe3 Rd8 34. Rxd8+ Qxd8 35. Bf1 h6 36. Ng4 hxg5 37. Nxe5 Qd6 38. Nf3 gxh4 39. Bd3 h3 40. e5 Qxa3 41. Ng5 a4 42. Ne4 Qa1+ 43. Kh2 Qxe5+ 44. Kh1 a3 45. Qa7 Ng5 46. Qa8 Nxe4 47. Qxc8+ Kg7 48. Qxc6 a2 0-1

[Event "18.Città di Padova Open A"]
[Site "Padova"]
[Date "2015.12.16"]
[Round "5.22"]
[White "Pescatore, Lorenzo"]
[Black "Casciello, Dimitri"]
[Result "1-0"]
[WhiteElo "2243"]
[BlackElo "2040"]
[Annotator "Gabriele Ballarin"]
[PlyCount "63"]
[EventDate "2015.12.13"]
[EventType "swiss"]
[EventRounds "9"]
[EventCountry "ITA"]

1. e4 c5 2. c3 Nf6 3. e5 Nd5 4. d4 cxd4 5. Nf3 Nc6 6. cxd4 d6 7. Bc4 Nb6 8. Bb5 Bd7 9. exd6 e6 10. O-O Bxd6 11. Nc3 O-O 12. Bd3 f5 13. Re1 h6 14. Bb5 Nb4 15. Qe2 Re8 16. a3 N4d5 17. Bd3 Rc8 18. Bd2 a6 19. Ne5 Bxe5 20. Qxe5 Qc7 21. Qe2 Nxc3 22. bxc3 Nc4 23. Bxc4 Qxc4 24. Qh5 Rf8 25. Bxh6 Qxc3 26. Rad1 Qc2 27. Qg6 Rf7 28. d5 exd5 29. Rc1 Qa4 30. Rxc8+ Bxc8 31. Bxg7 Qc6 32. Bf6+ 1-0

[Event "18.Città di Padova Open A"]
[Site "Padova"]
[Date "2015.12.16"]
[Round "5.23"]
[White "Messina, Roberta"]
[Black "Movileanu, Daniela"]
[Result "1/2-1/2"]
[WhiteElo "2039"]
[BlackElo "2195"]
[Annotator "Gabriele Ballarin"]
[PlyCount "74"]
[EventDate "2015.12.13"]
[EventType "swiss"]
[EventRounds "9"]
[EventCountry "ITA"]

1. d4 Nf6 2. c4 g6 3. g3 Bg7 4. Bg2 d5 5. cxd5 Nxd5 6. Nf3 Nb6 7. Nc3 Nc6 8. e3 O-O 9. O-O e5 10. d5 Na5 11. e4 c6 12. Bg5 f6 13. Be3 cxd5 14. Bxb6 Qxb6 15. Nxd5 Qd8 16. Rc1 Nc6 17. b4 f5 18. b5 fxe4 19. bxc6 bxc6 20. Rxc6 Bb7 21. Rc5 exf3 22. Bxf3 Kh8 23. Be4 Qd6 24. Qc2 Rac8 25. Rxc8 Rxc8 26. Qb3 Ba6 27. Rd1 Qc5 28. Qe3 Qc4 29. Ne7 Re8 30. Bd5 Qe2 31. Qxe2 Bxe2 32. Re1 Rxe7 33. Rxe2 Rd7 34. Bb3 Bf6 35. Kg2 Kg7 36. Rc2 Be7 37. Be6 Rd6 1/2-1/2

[Event "18.Città di Padova Open A"]
[Site "Padova"]
[Date "2015.12.16"]
[Round "5.24"]
[White "Ljubisavljevic, Zivojin Z"]
[Black "Vatkali, Dimitra"]
[Result "1-0"]
[WhiteElo "2183"]
[BlackElo "1983"]
[Annotator "Gabriele Ballarin"]
[PlyCount "101"]
[EventDate "2015.12.13"]
[EventType "swiss"]
[EventRounds "9"]
[EventCountry "ITA"]

1. d4 d5 2. c3 c6 3. Bf4 Bf5 4. Qb3 Qb6 5. e3 e6 6. Ne2 Nd7 7. Nd2 f6 8. Ng3 Bg6 9. e4 Qxb3 10. axb3 e5 11. dxe5 fxe5 12. Be3 Bc5 13. exd5 cxd5 14. Bb5 Bxe3 15. fxe3 Ngf6 16. O-O O-O 17. Nf5 Bxf5 18. Rxf5 a6 19. Be2 g6 20. Rff1 Rad8 21. b4 Ne8 22. b5 Rxf1+ 23. Bxf1 axb5 24. Bxb5 Nd6 25. Be2 Nb6 26. Ra5 Ra8 27. Rxa8+ Nxa8 28. c4 e4 29. c5 Nf5 30. Kf2 Nc7 31. g4 Ne7 32. b4 Kf7 33. Nb3 Nc6 34. b5 Nd8 35. g5 Ke6 36. Nd4+ Ke5 37. Bg4 b6 38. cxb6 Na8 39. Nc6+ Nxc6 40. bxc6 Nxb6 41. c7 d4 42. c8=Q Nxc8 43. Bxc8 dxe3+ 44. Kxe3 Kd6 45. Kxe4 Ke7 46. Ke5 Kf7 47. Be6+ Kg7 48. h4 Kh8 49. Kf6 h6 50. h5 hxg5 51. hxg6 1-0

[Event "18.Città di Padova Open A"]
[Site "Padova"]
[Date "2015.12.16"]
[Round "5.25"]
[White "Pozzobon, Davide"]
[Black "Gregori, Giacomo"]
[Result "1-0"]
[WhiteElo "2037"]
[BlackElo "2113"]
[Annotator "Gabriele Ballarin"]
[PlyCount "35"]
[EventDate "2015.12.13"]
[EventType "swiss"]
[EventRounds "9"]
[EventCountry "ITA"]

1. e4 d6 2. d4 Nf6 3. Nc3 c6 4. Be2 Nbd7 5. Be3 e5 6. Nf3 Be7 7. h3 Qc7 8. a4 O-O 9. O-O b6 10. Qe1 Bb7 11. Nh4 Nxe4 12. Nf5 Ndf6 13. dxe5 Nxc3 14. Qxc3 dxe5 15. Bg5 Ne4 16. Nxe7+ Qxe7 17. Bxe7 Nxc3 18. bxc3 1-0

[Event "18.Città di Padova Open A"]
[Site "Padova"]
[Date "2015.12.16"]
[Round "5.26"]
[White "Papathanasiou, Elisavet"]
[Black "Parrella, Alfredo"]
[Result "0-1"]
[WhiteElo "1955"]
[BlackElo "2097"]
[Annotator "Gabriele Ballarin"]
[PlyCount "128"]
[EventDate "2015.12.13"]
[EventType "swiss"]
[EventRounds "9"]
[EventCountry "ITA"]

1. d4 Nf6 2. Nf3 d5 3. Nbd2 e6 4. e3 c5 5. b3 Nc6 6. Bb2 Be7 7. Bd3 Qc7 8. O-O cxd4 9. exd4 Nb4 10. Bb5+ Bd7 11. Bxd7+ Nxd7 12. c4 O-O 13. Qe2 Rfe8 14. a3 Nc6 15. Rac1 Bf6 16. b4 Qf4 17. Qe3 Qf5 18. b5 Ne7 19. Ne5 Bxe5 20. dxe5 b6 21. f4 Nc5 22. Rf3 Red8 23. Nb3 Nxb3 24. Qxb3 dxc4 25. Qxc4 Rac8 26. Qf1 Rxc1 27. Qxc1 Rc8 28. Rc3 Rxc3 29. Bxc3 Nd5 30. Bd2 h6 31. g3 Qd3 32. Qb2 Qe2 33. Bc1 Qc4 34. Bd2 Nc7 35. Qc1 Qxc1+ 36. Bxc1 Nxb5 37. Kf2 Kf8 38. Ke3 h5 39. h3 Ke7 40. g4 hxg4 41. hxg4 g6 42. Ke4 Nc3+ 43. Kd3 Nd5 44. Ke4 Kd7 45. f5 gxf5+ 46. gxf5 Kc6 47. fxe6 fxe6 48. Kd4 Kb5 49. Bb2 Ne7 50. Bc1 Nc6+ 51. Ke4 Kc4 52. Bh6 Na5 53. Bf8 Nb3 54. Bd6 Nc5+ 55. Kf4 Kd5 56. Bb8 a6 57. Bc7 b5 58. Kg5 Nd3 59. Kf6 Nb2 60. Ke7 Nc4 61. Kd7 Nxa3 62. Kc8 Nc4 63. Kb7 b4 64. Kxa6 b3 0-1

[Event "18.Città di Padova Open A"]
[Site "Padova"]
[Date "2015.12.16"]
[Round "5.27"]
[White "Lantini, Marco"]
[Black "Kakumanu, Kunal"]
[Result "1/2-1/2"]
[WhiteElo "2083"]
[BlackElo "1918"]
[Annotator "Gabriele Ballarin"]
[PlyCount "81"]
[EventDate "2015.12.13"]
[EventType "swiss"]
[EventRounds "9"]
[EventCountry "ITA"]

1. d4 d5 2. c4 c6 3. Nf3 Nf6 4. Qc2 e6 5. Nbd2 Nbd7 6. g3 Be7 7. Bg2 O-O 8. O-O b6 9. e4 Bb7 10. b3 dxe4 11. Nxe4 c5 12. Nxf6+ Bxf6 13. Ng5 Bxg5 14. Bxb7 Rb8 15. Bxg5 Qxg5 16. Bc6 Rfd8 17. Bxd7 Rxd7 18. dxc5 Qxc5 19. Rad1 Rbd8 20. Rxd7 Rxd7 21. Rd1 Rd6 22. Rxd6 Qxd6 23. Qe4 a5 24. Qa8+ Qf8 25. Qb7 Qd8 26. a3 g6 27. b4 axb4 28. axb4 Qd1+ 29. Kg2 Qd6 30. Qc8+ Qf8 31. Qxf8+ Kxf8 32. Kf3 Ke7 33. Ke4 Kd6 34. f4 f6 35. h3 h6 36. Kd4 Kc6 37. g4 g5 38. Ke4 Kd6 39. f5 e5 40. Ke3 Kc6 41. Ke4 1/2-1/2

[Event "18.Città di Padova Open A"]
[Site "Padova"]
[Date "2015.12.16"]
[Round "5.28"]
[White "Bergamasco, Tommaso"]
[Black "Kakumanu, Kautil"]
[Result "1-0"]
[WhiteElo "2054"]
[BlackElo "1875"]
[Annotator "Gabriele Ballarin"]
[PlyCount "69"]
[EventDate "2015.12.13"]
[EventType "swiss"]
[EventRounds "9"]
[EventCountry "ITA"]

1. d4 d5 2. Nf3 Nf6 3. Bg5 e6 4. e3 Be7 5. Nbd2 h6 6. Bh4 O-O 7. Bd3 b6 8. Ne5 Bb7 9. O-O Nbd7 10. Ndf3 c5 11. Bb5 Rc8 12. Nxd7 Nxd7 13. Bxd7 Qxd7 14. Bxe7 Qxe7 15. c3 Rc7 16. Ne5 cxd4 17. exd4 Ba6 18. Re1 b5 19. Nd3 Bc8 20. a3 a5 21. f4 Bd7 22. Qd2 Qf6 23. Re5 Rb8 24. Rae1 Qg6 25. Nc5 Bc6 26. Na6 Rcb7 27. Nxb8 Rxb8 28. f5 exf5 29. Qf4 f6 30. Re7 Re8 31. Rxe8+ Bxe8 32. Qb8 Kf8 33. Qd6+ Kg8 34. Qd8 Kf8 35. Qe7+ 1-0

[Event "18.Città di Padova Open A"]
[Site "Padova"]
[Date "2015.12.16"]
[Round "5.29"]
[White "Desideri, Alessandro"]
[Black "Quaranta, Cristiano"]
[Result "1/2-1/2"]
[WhiteElo "1904"]
[BlackElo "2112"]
[Annotator "Gabriele Ballarin"]
[PlyCount "68"]
[EventDate "2015.12.13"]
[EventType "swiss"]
[EventRounds "9"]
[EventCountry "ITA"]

1. e4 d5 2. exd5 Qxd5 3. Nf3 Nf6 4. d4 Bg4 5. Be2 e6 6. O-O Be7 7. Bf4 Qd8 8. c4 c6 9. Qb3 Qb6 10. Nbd2 O-O 11. Be3 Qc7 12. Rfe1 Nbd7 13. Bf1 Rfd8 14. g3 c5 15. Bg2 cxd4 16. Nxd4 Nc5 17. Qc3 a6 18. b4 e5 19. bxc5 exd4 20. Bxd4 Rd7 21. h3 Bh5 22. Nb3 Rad8 23. g4 Bg6 24. Be5 Qc8 25. Re3 Bxc5 26. Nxc5 Qxc5 27. Bxf6 gxf6 28. Bd5 b5 29. Rae1 bxc4 30. Bxc4 Qd4 31. Re8+ Rxe8 32. Rxe8+ Kg7 33. Qxd4 Rxd4 34. Bb3 f5 {=} 1/2-1/2

[Event "18.Città di Padova Open A"]
[Site "Padova"]
[Date "2015.12.16"]
[Round "5.30"]
[White "Roberti, Ignazio"]
[Black "Loiacono, Antonio"]
[Result "1/2-1/2"]
[WhiteElo "1890"]
[BlackElo "2010"]
[Annotator "Gabriele Ballarin"]
[PlyCount "106"]
[EventDate "2015.12.13"]
[EventType "swiss"]
[EventRounds "9"]
[EventCountry "ITA"]

1. Nf3 Nf6 2. b3 g6 3. Bb2 Bg7 4. e3 d6 5. d4 O-O 6. Be2 Re8 7. Nbd2 Nc6 8. Bb5 Bd7 9. O-O a6 10. Bxc6 Bxc6 11. c4 Ne4 12. Qc2 Nxd2 13. Nxd2 e5 14. d5 Bd7 15. e4 f5 16. Nf3 Rf8 17. h3 Qf6 18. Nh2 f4 19. f3 Qg5 20. Kh1 Rf7 21. b4 Bf8 22. a4 h5 23. c5 Qh6 24. Qe2 g5 25. Kg1 Qf6 26. c6 bxc6 27. dxc6 Bxc6 28. Rfc1 Be8 29. b5 axb5 30. axb5 Rb8 31. Ra5 Qd8 32. Bc3 Qd7 33. Rb1 Rb6 34. Be1 Be7 35. Bf2 Rb8 36. b6 cxb6 37. Rxb6 Rxb6 38. Bxb6 Bd8 39. Qa6 Bxb6+ 40. Qxb6 Qc7 41. Qa6 Kg7 42. Nf1 Rd7 43. Kh2 Bf7 44. Ra1 d5 45. exd5 Bxd5 46. Rd1 Bb7 47. Qe2 Rxd1 48. Qxd1 Qc6 49. Qd8 Qf6 50. Qc7+ Qf7 51. Qxe5+ Kg6 52. Nd2 Qf6 53. Qb8 Qf7 1/2-1/2

[Event "18.Città di Padova Open A"]
[Site "Padova"]
[Date "2015.12.16"]
[Round "5.32"]
[White "Favero, Graziano"]
[Black "Di Chiara, Mauro"]
[Result "0-1"]
[WhiteElo "1836"]
[BlackElo "1933"]
[Annotator "Gabriele Ballarin"]
[PlyCount "74"]
[EventDate "2015.12.13"]
[EventType "swiss"]
[EventRounds "9"]
[EventCountry "ITA"]

1. e4 c5 2. Nf3 Nc6 3. g3 g6 4. Bg2 Bg7 5. O-O d6 6. c3 Nf6 7. d3 O-O 8. Re1 e5 9. Nbd2 b5 10. d4 cxd4 11. cxd4 exd4 12. e5 dxe5 13. Nxe5 {=} Nxe5 14. Bxa8 Nd3 15. Rf1 Ng4 16. Bf3 Nge5 17. Bg2 Bg4 18. f3 Be6 19. Ne4 Nxc1 20. Qxc1 Bc4 21. Rd1 Be2 22. Rd2 Bxf3 23. Qf1 Bxg2 24. Qxg2 Bh6 25. Rdd1 Nc4 26. Qh3 Be3+ 27. Kh1 Qe7 28. Qg2 f5 29. Nf2 Rd8 30. Nd3 Qe4 31. b3 Nd6 32. Nc5 Qxg2+ 33. Kxg2 Rc8 34. Ne6 Rc2+ 35. Kh3 Ne4 36. Nxd4 Ng5+ 37. Kh4 Rxh2# 0-1

[Event "18.Città di Padova Open A"]
[Site "Padova"]
[Date "2015.12.16"]
[Round "5.33"]
[White "Desideri, Leonardo"]
[Black "Belloni, Umberto"]
[Result "1-0"]
[WhiteElo "1770"]
[BlackElo "1827"]
[Annotator "Gabriele Ballarin"]
[PlyCount "65"]
[EventDate "2015.12.13"]
[EventType "swiss"]
[EventRounds "9"]
[EventCountry "ITA"]

1. Nf3 d5 2. d4 Bg4 3. Bf4 e6 4. Nbd2 Bd6 5. e3 Ne7 6. Bd3 f5 7. h3 Bxf3 8. Nxf3 Ng6 9. Qd2 Ne7 10. c3 h6 11. O-O-O c6 12. Bxd6 Qxd6 13. Ne5 Nd7 14. Nxd7 Kxd7 15. f3 Rhf8 16. Kb1 b5 17. e4 fxe4 18. fxe4 Qg3 19. Rhf1 Ng6 20. exd5 exd5 21. Bf5+ Kc7 22. Rde1 Rfe8 23. Bg4 Nh4 24. Rf7+ Kb6 25. Ree7 Rxe7 26. Rxe7 Nxg2 27. Rxg7 Rf8 28. a4 Ne3 29. a5+ Kxa5 30. c4+ Kb6 31. c5+ Ka6 32. Bc8+ Rxc8 33. Rxg3 1-0

[Event "18.Città di Padova Open A"]
[Site "Padova"]
[Date "2015.12.16"]
[Round "5.34"]
[White "Iasman, Inna"]
[Black "Capito', Mario"]
[Result "1-0"]
[WhiteElo "1843"]
[BlackElo "1879"]
[Annotator "Gabriele Ballarin"]
[PlyCount "45"]
[EventDate "2015.12.13"]
[EventType "swiss"]
[EventRounds "9"]
[EventCountry "ITA"]

1. d4 c5 2. d5 Nf6 3. c4 d6 4. Nc3 Bf5 5. Nf3 h6 6. g3 Nbd7 7. Bg2 Rb8 8. O-O g5 9. Re1 Bg7 10. e4 Bg4 11. Qd3 Bxf3 12. Qxf3 Ne5 13. Qe2 g4 14. Bf4 Qd7 15. Bxe5 dxe5 16. Nd1 h5 17. Ne3 Bh6 18. Nf5 Bg5 19. h4 Bh6 20. Rad1 Bf8 21. Qe3 Rg8 22. Qxc5 e6 23. Qxa7 1-0

[Event "18.Città di Padova Open A"]
[Site "Padova"]
[Date "2015.12.17"]
[Round "6.1"]
[White "Zhigalko, Andrey"]
[Black "Georgiev, Kiril"]
[Result "1-0"]
[WhiteElo "2585"]
[BlackElo "2627"]
[Annotator "Gabriele Ballarin"]
[PlyCount "51"]
[EventDate "2015.12.13"]
[EventType "swiss"]
[EventRounds "9"]
[EventCountry "ITA"]
[SourceTitle "The Week in Chess 1102"]
[Source "Mark Crowther"]
[SourceDate "2015.12.21"]
[SourceVersion "1"]
[SourceVersionDate "2015.12.21"]
[SourceQuality "2"]

1. e4 c6 2. d4 d5 3. exd5 cxd5 4. c4 Nf6 5. Nc3 e6 6. c5 Be7 7. Nf3 O-O 8. Bf4 Nc6 9. Bb5 Ne4 10. Rc1 Bd7 11. O-O Bf6 12. Re1 Nxc3 13. Rxc3 Re8 14. Bxc6 Bxc6 15. Ne5 Qe7 16. Ng4 Bg5 17. Bd6 Qd8 18. Rg3 g6 19. Qf3 f5 20. Ne5 Qf6 21. Nd3 Bh4 22. Rh3 Rad8 23. Qe3 e5 24. dxe5 Qg5 25. Qd4 f4 26. g3 1-0

[Event "18.Città di Padova Open A"]
[Site "Padova"]
[Date "2015.12.17"]
[Round "6.2"]
[White "Kovacevic, Blazimir"]
[Black "David, Alberto"]
[Result "1/2-1/2"]
[WhiteElo "2480"]
[BlackElo "2585"]
[Annotator "Gabriele Ballarin"]
[PlyCount "27"]
[EventDate "2015.12.13"]
[EventType "swiss"]
[EventRounds "9"]
[EventCountry "ITA"]
[SourceTitle "The Week in Chess 1102"]
[Source "Mark Crowther"]
[SourceDate "2015.12.21"]
[SourceVersion "1"]
[SourceVersionDate "2015.12.21"]
[SourceQuality "2"]

1. d4 e6 2. Nf3 c5 3. g3 d5 4. Bg2 Nc6 5. O-O cxd4 6. Nxd4 Qb6 7. Nb3 Nf6 8. Be3 Qc7 9. Nc3 a6 10. Bf4 Qb6 11. Be3 Qc7 12. Bf4 Qb6 13. Be3 Qc7 14. Bf4 1/2-1/2

[Event "18.Città di Padova Open A"]
[Site "Padova"]
[Date "2015.12.17"]
[Round "6.3"]
[White "Maiorov, Nikita"]
[Black "Nikolov, Momchil"]
[Result "1/2-1/2"]
[WhiteElo "2566"]
[BlackElo "2548"]
[Annotator "Gabriele Ballarin"]
[PlyCount "45"]
[EventDate "2015.12.13"]
[EventType "swiss"]
[EventRounds "9"]
[EventCountry "ITA"]
[SourceTitle "The Week in Chess 1102"]
[Source "Mark Crowther"]
[SourceDate "2015.12.21"]
[SourceVersion "1"]
[SourceVersionDate "2015.12.21"]
[SourceQuality "2"]

1. d4 Nf6 2. c4 e6 3. Nc3 d5 4. Nf3 c5 5. cxd5 Nxd5 6. e4 Nxc3 7. bxc3 cxd4 8. cxd4 Bb4+ 9. Bd2 Bxd2+ 10. Qxd2 O-O 11. Bc4 Nd7 12. O-O b6 13. Rad1 Bb7 14. Rfe1 Rc8 15. Bb3 Re8 16. Re3 Nf6 17. Qe1 Qc7 18. h3 h6 19. Ne5 Nd7 20. Ng4 Qf4 21. Ba4 Red8 22. Qe2 Nf6 23. g3 1/2-1/2

[Event "18.Città di Padova Open A"]
[Site "Padova"]
[Date "2015.12.17"]
[Round "6.4"]
[White "Laketic, Gojko"]
[Black "Danin, Alexandre"]
[Result "0-1"]
[WhiteElo "2419"]
[BlackElo "2569"]
[Annotator "Gabriele Ballarin"]
[PlyCount "82"]
[EventDate "2015.12.13"]
[EventType "swiss"]
[EventRounds "9"]
[EventCountry "ITA"]
[SourceTitle "The Week in Chess 1102"]
[Source "Mark Crowther"]
[SourceDate "2015.12.21"]
[SourceVersion "1"]
[SourceVersionDate "2015.12.21"]
[SourceQuality "2"]

1. d4 Nf6 2. c4 g6 3. Nf3 Bg7 4. g3 d5 5. cxd5 Nxd5 6. Bg2 Nb6 7. O-O Nc6 8. e3 e5 9. Nc3 exd4 10. Nxd4 Nxd4 11. exd4 O-O 12. d5 Bf5 13. h3 Re8 14. g4 Bxc3 15. gxf5 Bg7 16. Qb3 Qh4 17. fxg6 hxg6 18. Be3 Be5 19. Rac1 Re7 20. f4 Bd6 21. Rf3 Rae8 22. Bf2 Qf6 23. f5 g5 24. Rd1 Re2 25. Bd4 Re1+ 26. Bf1 Be5 27. Bxe5 R8xe5 28. Rxe1 Rxe1 29. Qb4 Rd1 30. Qg4 Rd4 31. Qg3 Nxd5 32. Rb3 b6 33. Rd3 Kg7 34. Kh1 Rxd3 35. Bxd3 Nf4 36. Be4 Qh6 37. f6+ Qxf6 38. h4 Qe5 39. Bf3 Ng6 40. Qxg5 Qe1+ 41. Kg2 Qxh4 0-1

[Event "18.Città di Padova Open A"]
[Site "Padova"]
[Date "2015.12.17"]
[Round "6.5"]
[White "Godena, Michele"]
[Black "Sonis, Francesco"]
[Result "1/2-1/2"]
[WhiteElo "2499"]
[BlackElo "2317"]
[Annotator "Gabriele Ballarin"]
[PlyCount "71"]
[EventDate "2015.12.13"]
[EventType "swiss"]
[EventRounds "9"]
[EventCountry "ITA"]
[SourceTitle "The Week in Chess 1102"]
[Source "Mark Crowther"]
[SourceDate "2015.12.21"]
[SourceVersion "1"]
[SourceVersionDate "2015.12.21"]
[SourceQuality "2"]

1. e4 e5 2. Nf3 Nc6 3. Bb5 a6 4. Ba4 Nf6 5. O-O Be7 6. Re1 b5 7. Bb3 d6 8. c3 O-O 9. d4 Bg4 10. Be3 exd4 11. cxd4 Na5 12. Bc2 Nc4 13. Bc1 c5 14. b3 Na5 15. d5 Nd7 16. Nbd2 Bf6 17. Rb1 Ne5 18. h3 Bxf3 19. Nxf3 Nxf3+ 20. Qxf3 Rc8 21. Re2 Re8 22. g3 c4 23. b4 Nb7 24. Be3 a5 25. a3 axb4 26. axb4 Ra8 27. Kg2 Ra3 28. Rd1 Qa8 29. Qf5 Qc8 30. Qf3 Qa8 31. h4 Bc3 32. Bc1 Bb2 33. Be3 Bc3 34. Bc1 Bb2 35. Be3 Bc3 36. Bc1 1/2-1/2

[Event "18.Città di Padova Open A"]
[Site "Padova"]
[Date "2015.12.17"]
[Round "6.6"]
[White "Lazic, Miroljub"]
[Black "Brunello, Marina"]
[Result "1/2-1/2"]
[WhiteElo "2466"]
[BlackElo "2342"]
[Annotator "Gabriele Ballarin"]
[PlyCount "147"]
[EventDate "2015.12.13"]
[EventType "swiss"]
[EventRounds "9"]
[EventCountry "ITA"]
[SourceTitle "The Week in Chess 1102"]
[Source "Mark Crowther"]
[SourceDate "2015.12.21"]
[SourceVersion "1"]
[SourceVersionDate "2015.12.21"]
[SourceQuality "2"]

1. Nf3 d5 2. g3 Nf6 3. Bg2 c6 4. O-O Bf5 5. d3 e6 6. Nbd2 h6 7. b3 Be7 8. Bb2 O-O 9. c4 Nbd7 10. Rc1 Bh7 11. a3 a5 12. Rc2 Bd6 13. Qa1 Qe7 14. cxd5 cxd5 15. Nd4 Rfc8 16. Rfc1 Qf8 17. Nb5 Bc5 18. Nf3 Bb6 19. Qb1 Ng4 20. Bd4 Bxd4 21. Nfxd4 e5 22. Rxc8 Rxc8 23. Rxc8 Qxc8 24. Qc2 Qc5 25. Qxc5 Nxc5 26. Nf3 e4 27. Nfd4 exd3 28. exd3 Bxd3 29. Bxd5 Nf6 30. Bf3 Nfe4 31. Nc7 Nd2 32. Bd1 Be4 33. f3 Bb1 34. b4 axb4 35. axb4 Nd3 36. b5 Ba2 37. Be2 Nc5 38. Kf2 Kf8 39. Ke3 Nc4+ 40. Bxc4 Bxc4 41. Nf5 Be6 42. Nxe6+ fxe6 43. Nd6 Ke7 44. Nc4 Kf6 45. Kd4 Nd7 46. f4 h5 47. h3 g6 48. Nd6 b6 49. Nc4 Kf5 50. Ke3 Kf6 51. Ke4 Nc5+ 52. Kd4 Nd7 53. Nd6 Nf8 54. g4 hxg4 55. hxg4 Nd7 56. g5+ Ke7 57. Nc4 Kf7 58. Ke4 Ke8 59. Nd2 Ke7 60. Nf3 Kf7 61. Kd4 Kf8 62. Nh2 Kg7 63. Ke4 Kf7 64. Ng4 Ke7 65. Ne5 Nf8 66. Kd4 Ke8 67. Ke4 Ke7 68. Ng4 Nd7 69. Ne5 Nf8 70. Kd4 Ke8 71. Ng4 Ke7 72. Nf6 Nd7 73. Ng4 Kf7 74. Ke4 1/2-1/2

[Event "18.Città di Padova Open A"]
[Site "Padova"]
[Date "2015.12.17"]
[Round "6.7"]
[White "Solomon, Kenny"]
[Black "Valsecchi, Alessio"]
[Result "0-1"]
[WhiteElo "2215"]
[BlackElo "2466"]
[Annotator "Gabriele Ballarin"]
[PlyCount "62"]
[EventDate "2015.12.13"]
[EventType "swiss"]
[EventRounds "9"]
[EventCountry "ITA"]
[SourceTitle "The Week in Chess 1102"]
[Source "Mark Crowther"]
[SourceDate "2015.12.21"]
[SourceVersion "1"]
[SourceVersionDate "2015.12.21"]
[SourceQuality "2"]

1. Nf3 c5 2. c4 Nf6 3. Nc3 d5 4. cxd5 Nxd5 5. g3 Nc6 6. Bg2 g6 7. d3 Bg7 8. Bd2 Nc7 9. h4 h6 10. Qc1 Rb8 11. Na4 b6 12. h5 g5 13. Nxg5 hxg5 14. Bxc6+ Bd7 15. Bxd7+ Qxd7 16. Bc3 f6 17. Qc2 Ne6 18. b3 b5 19. Nb2 Rc8 20. d4 Rh6 21. Qe4 b4 22. Bd2 Nxd4 23. g4 Rc6 24. Be3 f5 25. gxf5 Nxf5 26. Rd1 Bc3+ 27. Kf1 Rhf6 28. Kg1 Nd6 29. Qc2 Qg4+ 30. Kf1 Nf5 31. Rd3 Ng3+ 0-1

[Event "18.Città di Padova Open A"]
[Site "Padova"]
[Date "2015.12.17"]
[Round "6.8"]
[White "Lodici, Lorenzo"]
[Black "Enchev, Ivajlo"]
[Result "0-1"]
[WhiteElo "2347"]
[BlackElo "2452"]
[Annotator "Gabriele Ballarin"]
[PlyCount "100"]
[EventDate "2015.12.13"]
[EventType "swiss"]
[EventRounds "9"]
[EventCountry "ITA"]
[SourceTitle "The Week in Chess 1102"]
[Source "Mark Crowther"]
[SourceDate "2015.12.21"]
[SourceVersion "1"]
[SourceVersionDate "2015.12.21"]
[SourceQuality "2"]

1. d4 Nf6 2. c4 e6 3. Nc3 Bb4 4. f3 c5 5. d5 O-O 6. e4 d6 7. Nge2 b5 8. Nf4 exd5 9. Nfxd5 Nxd5 10. Qxd5 Qb6 11. cxb5 Bb7 12. Qd1 d5 13. exd5 a6 14. Be2 c4 15. a3 axb5 16. Bd2 Bc5 17. Qc2 Bf2+ 18. Kf1 Bd4 19. Rd1 Nd7 20. Bc1 Be5 21. f4 Bb8 22. g3 Re8 23. Kg2 Nc5 24. Rhf1 Ba7 25. Na2 Nb3 26. Bf3 Nd4 27. Qc3 Nxf3 28. Qxf3 Re6 29. f5 Re5 30. Nb4 Rae8 31. Kh1 Bb8 32. Bf4 Rxf5 33. Rfe1 Rf8 34. Qe4 g6 35. Bh6 Re5 36. Qxe5 Bxe5 37. Bxf8 f6 38. Bh6 Qf2 39. Nc6 Bxc6 40. dxc6 Qf3+ 41. Kg1 Qxc6 42. Bc1 Kf7 43. Re2 Qf3 44. Rde1 Kg7 45. Be3 Qg4 46. Bf2 Qf5 47. Rd2 Qf3 48. Re3 Qc6 49. Re1 g5 50. Red1 Kg6 0-1

[Event "18.Città di Padova Open A"]
[Site "Padova"]
[Date "2015.12.17"]
[Round "6.9"]
[White "Vezzosi, Paolo"]
[Black "Strikovic, Aleksandr"]
[Result "0-1"]
[WhiteElo "2369"]
[BlackElo "2505"]
[Annotator "Gabriele Ballarin"]
[PlyCount "82"]
[EventDate "2015.12.13"]
[EventType "swiss"]
[EventRounds "9"]
[EventCountry "ITA"]
[SourceTitle "The Week in Chess 1102"]
[Source "Mark Crowther"]
[SourceDate "2015.12.21"]
[SourceVersion "1"]
[SourceVersionDate "2015.12.21"]
[SourceQuality "2"]

1. Nf3 c5 2. c3 Nf6 3. d4 e6 4. e3 b6 5. Bd3 Bb7 6. O-O Be7 7. Qe2 Nc6 8. Nbd2 Qc7 9. e4 cxd4 10. cxd4 Nb4 11. Bb5 a6 12. Ba4 Bc6 13. Bxc6 Qxc6 14. e5 Nfd5 15. Ne4 Qb5 16. Qxb5 axb5 17. a3 Nc2 18. Rb1 b4 19. axb4 Ncxb4 20. Bd2 f6 21. Bxb4 Bxb4 22. exf6 gxf6 23. Rfc1 Ke7 24. Nc3 Bxc3 25. bxc3 Ra3 26. Kf1 Rxc3 27. Rxc3 Nxc3 28. Rxb6 Ra8 29. Rb3 Ra1+ 30. Ne1 Rc1 31. f3 h5 32. h4 f5 33. g3 Kd6 34. Kf2 Kd5 35. Rb4 Rd1 36. Ng2 Rd2+ 37. Kf1 Kd6 38. Nf4 Nd5 39. Ke1 Rh2 40. Nxd5 Kxd5 41. Kf1 d6 0-1

[Event "18.Città di Padova Open A"]
[Site "Padova"]
[Date "2015.12.17"]
[Round "6.10"]
[White "Garcia Palermo, Carlos H"]
[Black "Zaja, Ivan"]
[Result "0-1"]
[WhiteElo "2457"]
[BlackElo "2481"]
[Annotator "Gabriele Ballarin"]
[PlyCount "42"]
[EventDate "2015.12.13"]
[EventType "swiss"]
[EventRounds "9"]
[EventCountry "ITA"]
[SourceTitle "The Week in Chess 1102"]
[Source "Mark Crowther"]
[SourceDate "2015.12.21"]
[SourceVersion "1"]
[SourceVersionDate "2015.12.21"]
[SourceQuality "2"]

1. d4 e6 2. e4 d5 3. exd5 exd5 4. Nf3 Nc6 5. h3 Bf5 6. Bd3 Qe7+ 7. Be3 Bxd3 8. Qxd3 Nf6 9. O-O Qe4 10. Qb3 O-O-O 11. Nc3 Qf5 12. Rfe1 Bd6 13. Nb5 Ne4 14. Ne5 Bxe5 15. dxe5 d4 16. Rad1 dxe3 17. Rxd8+ Rxd8 18. Qxe3 a6 19. Na7+ Nxa7 20. Qxa7 Rd2 21. f3 Qg5 0-1